KOVUN BENİ BU OKULDAN (Record no. 839680)

MARC details
000 -LEADER
sabit uzunluktaki kontrol alanı 00263nam a2200097Ia 4500
001 - KONTROL NUMARASI
kontrol alanı 839680
005 - EN SON İŞLEMİN TARİH VE ZAMANI
kontrol alanı 20250826172616.0
008 - SABİT-UZUNLUKTA VERİ ÖĞELERİ--GENEL BİLGİ
sabit uzunluktaki kontrol alanı 250824s9999 xx 000 0 und d
245 #0 - ESER / YAZAR
ESER ADI KOVUN BENİ BU OKULDAN
Yazar Adı HALENUR ÇALIŞAN GÜRBÜZ
260 ## - YAYIN, DAĞITIM, VB.
YAYIN EVİ TAZE KİTAP YAYINLARI
Holdings
Düşüm durumu Kayıp durumu Hasar Durumu Ödünç verilmez Ana kütüphane Geçerli Kütüphane Edinilen tarih Toplam ödünç verme sayısı Barkod Son görüntüleme tarihi Son ödünç verme tarihi Fiyatın geçerli olmaya başladığı tarih Koha materyal türü
        NECİP FAZIL KISAKÜREK ORTAOKULU NECİP FAZIL KISAKÜREK ORTAOKULU 24.08.2025 1 10413384 24.02.2026 24.02.2026 26.08.2025 Books